000 00435pab a2200157 454500
008 180718b2001 xxu||||| |||| 00| 0 eng d
100 _aMartin, John
245 _aInnovation strategies in Australian local government
260 _c2001
300 _ap.50-83.
362 _aJan-Apr
650 _aLocal government - Australia
650 _aLocal government
773 _aPhilippine Journal of Public Administration
909 _a64635
999 _c64635
_d64635